000 00653nam a2200229Ia 4500
005 20251006225603.0
008 251006t2000||||xx |||||||||||||| ||und||
040 _aCBC
100 _aSoberón Garrido, Ricardo
245 _aLa redefinición de la seguridad hemisférica, a propósito de Colombia y las nuevas amenazas
300 _ap. 58-65
650 _aCONFLICTOS SOCIALES
650 _aGUERRA
650 _aINTERVENCION EXTRANJERA
650 _aMEDIOS DE COMUNICACION
650 _aPODER POLITICO
650 _aPOLITICA INTERNACIONAL
650 _aSIGLO XX
651 _aCOLOMBIA
773 _aQuehacer No. 123 (2000)
942 _tMJCh
999 _c13822
_d13822